Silvicultura de los bosques de ciprés de la cordillera / (Registro nro. 84)

Detalles MARC
000 -LEADER
fixed length control field 00870nam a22002657a 4500
001 - CONTROL NUMBER
control field 84
005 - DATE AND TIME OF LATEST TRANSACTION
control field 20251119120212.0
006 - FIXED-LENGTH DATA ELEMENTS--ADDITIONAL MATERIAL CHARACTERISTICS
fixed length control field a|||||r|||| 00| 0
007 - PHYSICAL DESCRIPTION FIXED FIELD--GENERAL INFORMATION
fixed length control field ta
008 - FIXED-LENGTH DATA ELEMENTS--GENERAL INFORMATION
fixed length control field 241010b2016 ag ||||| |||| 00| 0 spa d
040 ## - Fuente de catalogación
Agencia de catalogación original AR-EsCIE
082 ## - DEWEY DECIMAL CLASSIFICATION NUMBER
Classification number 630
100 1# - MAIN ENTRY--PERSONAL NAME
Personal name Loguercio, Gabriel A.
Fuller form of name (Gabriel Angel),
Dates associated with a name 1962-
9 (RLIN) 47
245 10 - TITLE STATEMENT
Title Silvicultura de los bosques de ciprés de la cordillera /
Statement of responsibility, etc. Gabriel A. Loguercio, M. Florencia Urretavizcaya, Marina Caselli.
260 ## - PUBLICATION, DISTRIBUTION, ETC.
Place of publication, distribution, etc. Esquel :
Name of publisher, distributor, etc. CIEFAP,
Date of publication, distribution, etc. 2016.
300 ## - PHYSICAL DESCRIPTION
Extent 67 p.
490 ## - SERIES STATEMENT
Series statement Manual ;
Volume/sequential designation 15
650 #4 - SUBJECT ADDED ENTRY--TOPICAL TERM
Topical term or geographic name entry element AUSTROCEDRUS CHILENSIS
9 (RLIN) 32
650 #4 - SUBJECT ADDED ENTRY--TOPICAL TERM
Topical term or geographic name entry element SILVICULTURA
9 (RLIN) 97
700 1# - ADDED ENTRY--PERSONAL NAME
Personal name Urretavizcaya, María Florencia,
Dates associated with a name 1968-
9 (RLIN) 27
700 1# - ADDED ENTRY--PERSONAL NAME
Personal name Caselli, Marina,
Dates associated with a name 1986-
9 (RLIN) 31
856 ## - ELECTRONIC LOCATION AND ACCESS
Uniform Resource Identifier <a href="http://www.ciefap.org.ar/digitalizado/Manual_15_Silvicultura_del_cipres.pdf">http://www.ciefap.org.ar/digitalizado/Manual_15_Silvicultura_del_cipres.pdf</a>
910 ## - Datos del catalogador
User-option data PG241010
942 ## - ADDED ENTRY ELEMENTS (KOHA)
Source of classification or shelving scheme Dewey Decimal Classification
Koha item type Books
Call number suffix 630
Suppress in OPAC No
Existencias
Withdrawn status Lost status Source of classification or shelving scheme Damaged status Not for loan Home library Current library Date acquired Source of acquisition Total checkouts Full call number Date last seen Price effective from Koha item type
    Dewey Decimal Classification     CIEFAP CIEFAP 10/10/2024 donación   630 10/10/2024 10/10/2024 Books